01696nam a22002537a 4500008004100000020001800041040000800059041000800067245003300075260003100108300003200139490001500171520087100186650003601057650003701093650004101130650005501171651003901226655003001265655003101295942000801326952009301334999001501427250626b |||||||| |||| 00| 0 eng d a9781473228030 ctbs aeng aHell bent c/ Leigh Bardugo. aLondon :bGollancz,c2023. a481 pages :bmaps ;c20 cm. aAlex Stern a Find a gateway to the underworld. Steal a soul out of hell. A simple plan, except people who make this particular journey rarely come back. But Galaxy "Alex" Stern is determined to break Darlington out of purgatory--even if it costs her a future at Lethe and at Yale. Forbidden from attempting a rescue, Alex and Dawes can't call on the Ninth House for help, so they assemble a team of dubious allies to save the gentleman of Lethe. Together, they will have to navigate a maze of arcane texts and bizarre artifacts to uncover the societies' most closely guarded secrets, and break every rule doing it. But when faculty members begin to die off, Alex knows these aren't just accidents. Something deadly is at work in New Haven, and if she is going to survive, she'll have to reckon with the monsters of her past and a darkness built into the university's very walls. 0aYale UniversityvFiction925599 0aCollege studentsvFiction925600 0aMurderxInvestigationvFiction97769 0aUniversities and collegesxFacultyvFiction925601 0aNew Haven (Conn.) vFiction925602 0aParanormal fiction922925 0aThrillers (Fiction)922669 2lcc 00102lcc4070aTBSbTBSd2025-06-26l0oP-EN BARpB05861r2025-06-26t1w2025-06-26y1 c4803d4803